Manual de antenas
Saved in:
| Hovedforfatter: | |
|---|---|
| Format: | Bog |
| Sprog: | spansk |
| Udgivet: |
Barcelona
Hispano Americana
1960
|
| Fag: | |
| Tags: |
Tilføj Tag
Ingen Tags, Vær først til at tagge denne postø!
|
MARC
| LEADER | 00000nam a2200000 a 4500 | ||
|---|---|---|---|
| 001 | UCU5805 | ||
| 003 | CL-VaPUC | ||
| 008 | 960614e19600000sp |||||||||||||||||spa|d | ||
| 082 | 0 | 4 | |a 621.382 |b SMI |2 21 |
| 100 | 0 | |a Smith, Woodrow |e author |9 363813 | |
| 245 | 1 | 0 | |a Manual de antenas |
| 300 | |a 308 p | ||
| 942 | |c BK | ||
| 945 | |d 19960614 00:00:00 |a cmena | ||
| 260 | |a Barcelona |b Hispano Americana |c 1960 | ||
| 650 | 0 | |a Antenas |9 263309 | |
| 650 | 0 | |a Tecnología electrónica |9 334386 | |
| 650 | 0 | |a Propagación de ondas |9 263256 | |
| 650 | 7 | |a TRANSMISORES |2 CL-VaPUC |9 363814 | |
| 650 | 7 | |a EQUIPO DE TELECOMUNICACION |2 CL-VaPUC |9 363233 | |
| 650 | 7 | |a TRANSMISORES |2 CL-VaPUC |9 363814 | |
| 650 | 7 | |a RECEPTORES |2 CL-VaPUC |9 363234 | |
| 583 | |a last modification |c 20171017 02:44:30 |k Rodrigo Vera | ||
| 999 | |c 248990 |d 248988 | ||
| 952 | |0 0 |1 0 |4 0 |6 621_382000000000000_SMI_1960 |7 0 |8 A |9 265977 |a BIBING |b BIBING |d 2019-11-19 |i 1679406 |o 621.382 SMI 1960 |p 1679406 |r 2025-01-20 |w 2019-11-19 |y BK |k EIE | ||